000 00701cam a22002053a 4500
001 44659
003 PGUSA
005 20140828084023.0
008 140114s2014||||xxu|||||s|||||000 | eng d
040 _aPGUSA
_beng
042 _adc
100 1 _aBrady, Cyrus Townsend,
_d1861-1920
245 1 0 _aSecret Service :
_bBeing the Happenings of a Night in Richmond in the Spring of 1865 Done into Book Form from the Play by WIlliam Gillette
_h[electronic resource] /
_cCyrus Townsend Brady
260 _bProject Gutenberg,
_c2014
506 _aPublic domain in the USA.
516 _aElectronic text
830 0 _aProject Gutenberg
_v44659
856 4 0 _uhttp://www.gutenberg.org/ebooks/44659
942 _cEB
999 _c273910
_d273910